000 00652nam a2200193Ia 4500
003 GCL
008 140319s9999 xx 000 0 ara d
040 _aGCL /
_cGCL
082 0 4 _a227.3
_bا ش
100 1 _aابى محمد الحسين بن مسعود البغو
245 1 0 _aشرح السنة /
_cابى محمد الحسين بن مسعود البغو
700 1 _aعادل احمد عبدالموجود
700 1 _aعلى محمد معوض
260 _a[S.N] :
_bدار الكتب العلمية للنشر والتوزيع ،
_c1992
490 _a
650 0 4 _aتفاسير
650 0 4 _aالسنة النبوية
942 _2ddc
_cBK
999 _c54014
_d54014